[Event "Hessen-ch Seniors op 03rd"]
[Site "Bad Sooden-Allendorf"]
[Date "2007.05.05"]
[Round "8"]
[White "Maczollek, Helmut"]
[Black "Runde, Heinz"]
[Result "1/2-1/2"]
[WhiteElo "1462"]
[BlackElo "1536"]
[PlyCount "105"]
[EventDate "2007.04.27"]
[EventType "swiss"]
[EventRounds "9"]
[EventCountry "GER"]
[SourceTitle "EXT 2022"]
[Source "ChessBase"]
[SourceDate "2021.10.06"]
[SourceVersion "1"]
[SourceVersionDate "2021.10.06"]
[SourceQuality "1"]

1. d4 d5 2. Nf3 Nf6 3. e3 e6 4. Bd3 Bd6 5. Nbd2 Nbd7 6. 0-0 c5 7. b3 0-0 8. Bb2 Re8 9. e4 dxe4 10. Nxe4 Nxe4 11. Bxe4 Nf6 12. Bd3 a6 13. c4 b6 14. Qc2 h6 15. Rad1 Qc7 16. Rfe1 Bb7 17. dxc5 Be7 18. cxb6 Qxb6 19. Qe2 Bxf3 20. Qxf3 Rac8 21. Bc2 Red8 22. h3 Rxd1 23. Rxd1 Rd8 24. Rxd8+ Qxd8 25. Bxf6 Bxf6 26. Qd3 Qxd3 27. Bxd3 Kf8 28. c5 a5 29. a3 Bb2 30. c6 Ke8 31. b4 axb4 32. axb4 Bd4 33. Kf1 Kd8 34. f3 Kc7 35. b5 e5 36. g3 g6 37. Kg2 g5 38. g4 f6 39. Kg3 Bc5 40. h4 Bd6 41. h5 e4+ 42. Kf2 exd3 43. Ke3 d2 44. Kxd2 Kb6 45. Ke3 Kxb5 46. Ke4 Kxc6 47. Kf5 Be7 48. Kg6 Kd6 49. Kxh6 Ke6 50. Kg7 f5 51. Kg6 fxg4 52. fxg4 Ke5 53. h6 1/2-1/2

[Event "Hessen-ch Seniors op 03rd"]
[Site "Bad Sooden-Allendorf"]
[Date "2007.04.28"]
[Round "1"]
[White "Runde, Heinz"]
[Black "Rychlik, Kurt"]
[Result "1-0"]
[WhiteElo "1536"]
[BlackElo "1923"]
[PlyCount "75"]
[EventDate "2007.04.27"]
[EventType "swiss"]
[EventRounds "9"]
[EventCountry "GER"]
[SourceTitle "EXT 2022"]
[Source "ChessBase"]
[SourceDate "2021.10.06"]
[SourceVersion "1"]
[SourceVersionDate "2021.10.06"]
[SourceQuality "1"]

1. d4 d5 2. Nf3 Nf6 3. e3 e6 4. Bd3 Bd6 5. Nbd2 Nbd7 6. 0-0 c6 7. Re1 0-0 8. e4 dxe4 9. Nxe4 h6 10. Nxd6 Nb6 11. Nxc8 Rxc8 12. c3 Qc7 13. Qe2 Rfd8 14. Qe5 Qe7 15. Qe2 c5 16. dxc5 Qxc5 17. Be3 Qc7 18. Bd4 Nbd5 19. Rad1 a6 20. Be5 Qa5 21. Bb1 b5 22. Bxf6 gxf6 23. Qe4 f5 24. Qh4 Kg7 25. Qg3+ Kh7 26. Qe5 b4 27. cxb4 Qb5 28. Nd4 Qd7 29. Nxf5 f6 30. Ne3+ Kh8 31. Qh5 Qg7 32. Nxd5 exd5 33. Rxd5 Rg8 34. g3 Rgf8 35. Red1 Rc7 36. Qf5 Qg5 37. Qxg5 hxg5 38. R5d2 1-0

[Event "GER-ch Seniors Gp-B 18th"]
[Site "Dresden"]
[Date "2006.07.30"]
[Round "9"]
[White "Scheuerlein, Gerhard"]
[Black "Runde, Heinz"]
[Result "0-1"]
[WhiteElo "1646"]
[BlackElo "1599"]
[PlyCount "100"]
[EventDate "2006.07.22"]
[EventType "swiss"]
[EventRounds "9"]
[EventCountry "GER"]
[SourceTitle "EXT 2022"]
[Source "ChessBase"]
[SourceDate "2021.10.06"]
[SourceVersion "1"]
[SourceVersionDate "2021.10.06"]
[SourceQuality "1"]

1. Nf3 d5 2. c4 e6 3. e3 Nf6 4. Nc3 a6 5. d4 dxc4 6. Bxc4 b5 7. Bd3 Bb7 8. 0-0 Nbd7 9. b3 Be7 10. Bb2 0-0 11. Rc1 Rc8 12. Qe2 c5 13. Rfd1 cxd4 14. Nxd4 Qb6 15. Nf3 Rfd8 16. Bb1 h6 17. h3 Qa7 18. Nd4 Qa8 19. Qf1 Ne4 20. Nxe4 Bxe4 21. Rxc8 Rxc8 22. Bxe4 Qxe4 23. Qd3 Qxd3 24. Rxd3 Nf6 25. Kf1 g6 26. Ke2 e5 27. Nxb5 axb5 28. Bxe5 Rc2+ 29. Rd2 Rxd2+ 30. Kxd2 Ne4+ 31. Kc2 Nxf2 32. a4 bxa4 33. bxa4 Bd8 34. Kc3 Kf8 35. Kc4 Ke8 36. Kb5 Kd7 37. a5 Bxa5 38. Kxa5 Ke6 39. Bg7 h5 40. Kb5 Kd5 41. Kb6 Nd1 42. Bh6 Ke4 43. Kc5 Nxe3 44. g3 Nf5 45. Bf4 Kf3 46. Kd5 Nxg3 47. Ke5 f6+ 48. Kxf6 Kxf4 49. Kxg6 h4 50. Kf6 Ne4+ 0-1

[Event "GER-ch Seniors Gp-B 18th"]
[Site "Dresden"]
[Date "2006.07.25"]
[Round "4"]
[White "Runde, Heinz"]
[Black "Nickel, Reiner Gert"]
[Result "1/2-1/2"]
[WhiteElo "1599"]
[BlackElo "1732"]
[PlyCount "35"]
[EventDate "2006.07.22"]
[EventType "swiss"]
[EventRounds "9"]
[EventCountry "GER"]
[SourceTitle "EXT 2022"]
[Source "ChessBase"]
[SourceDate "2021.10.06"]
[SourceVersion "1"]
[SourceVersionDate "2021.10.06"]
[SourceQuality "1"]

1. d4 Nf6 2. Nf3 e6 3. e3 b6 4. Bd3 Bb7 5. Nbd2 Be7 6. e4 c5 7. c3 d6 8. Qe2 Nc6 9. 0-0 cxd4 10. cxd4 0-0 11. a3 Rc8 12. Re1 Re8 13. b4 Rc7 14. Bb2 Nh5 15. g3 Bg5 16. Nxg5 Qxg5 17. Rac1 Rec8 18. Qe3 1/2-1/2

[Event "Hessen-ch Seniors op 02nd"]
[Site "Bad Sooden-Allendorf"]
[Date "2006.05.01"]
[Round "7"]
[White "Runde, Heinz"]
[Black "Rychlik, Kurt"]
[Result "0-1"]
[WhiteElo "1533"]
[BlackElo "1811"]
[PlyCount "56"]
[EventDate "2006.04.25"]
[EventType "swiss"]
[EventRounds "9"]
[EventCountry "GER"]
[SourceTitle "EXT 2007"]
[Source "ChessBase"]
[SourceDate "2006.11.23"]
[SourceVersion "1"]
[SourceVersionDate "2006.11.23"]
[SourceQuality "1"]

1. d4 Nf6 2. Nf3 d5 3. e3 e6 4. Bd3 Bd6 5. Nbd2 Nbd7 6. 0-0 c6 7. e4 dxe4 8. Nxe4 Nxe4 9. Bxe4 Qc7 10. Re1 h6 11. Qe2 Nf6 12. Bd3 a5 13. a3 b6 14. c4 Bb7 15. Bd2 0-0 16. Ne5 Rfd8 17. Bc3 Ra7 18. Rad1 Ba8 19. Bb1 Nd7 20. Qc2 Nf8 21. Qe2 Qe7 22. Rd3 f6 23. Nf3 Qf7 24. Ba2 Rad7 25. Re3 c5 26. Rd1 Qh5 27. h3 Bf4 28. Rxe6 Bxf3 0-1

[Event "Hessen-ch Seniors op 02nd"]
[Site "Bad Sooden-Allendorf"]
[Date "2006.04.29"]
[Round "5"]
[White "Mellenthin, Horst"]
[Black "Runde, Heinz"]
[Result "1/2-1/2"]
[WhiteElo "1707"]
[BlackElo "1533"]
[PlyCount "31"]
[EventDate "2006.04.25"]
[EventType "swiss"]
[EventRounds "9"]
[EventCountry "GER"]
[SourceTitle "EXT 2007"]
[Source "ChessBase"]
[SourceDate "2006.11.23"]
[SourceVersion "1"]
[SourceVersionDate "2006.11.23"]
[SourceQuality "1"]

1. e4 c6 2. d4 d5 3. Nc3 dxe4 4. Nxe4 Bf5 5. Ng3 Bg6 6. h4 h6 7. Nf3 Nd7 8. h5 Bh7 9. Bd3 Bxd3 10. Qxd3 e6 11. Bf4 Ngf6 12. 0-0-0 Nd5 13. Bd2 Qc7 14. Ne2 Bd6 15. g3 0-0-0 16. Rh4 1/2-1/2

[Event "Hessen-ch Seniors op 01st"]
[Site "Bad Sooden-Allendorf"]
[Date "2005.04.24"]
[Round "3"]
[White "Runde, Heinz"]
[Black "Eigenmann, Peter"]
[Result "1-0"]
[WhiteElo "1529"]
[BlackElo "1400"]
[PlyCount "73"]
[EventDate "2005.04.22"]
[EventType "swiss"]
[EventRounds "9"]
[EventCountry "GER"]
[SourceTitle "EXT 2007"]
[Source "ChessBase"]
[SourceDate "2006.11.23"]
[SourceVersion "1"]
[SourceVersionDate "2006.11.23"]
[SourceQuality "1"]

1. d4 d5 2. Nf3 e6 3. e3 Nf6 4. Bd3 Bd6 5. Nbd2 Nbd7 6. Qe2 0-0 7. 0-0 c5 8. c3 c4 9. Bc2 b5 10. a3 a5 11. e4 dxe4 12. Nxe4 Qc7 13. Bg5 Be7 14. Nxf6+ Bxf6 15. Bxf6 Nxf6 16. Ne5 Bb7 17. f4 Rad8 18. Rad1 Bd5 19. Rf2 Qb7 20. Re1 Nd7 21. Qh5 g6 22. Qe2 f6 23. Nxd7 Rxd7 24. Be4 Re8 25. Bf3 Rde7 26. Qd1 f5 27. Re5 Qc7 28. Qe1 Qd7 29. Bxd5 exd5 30. Rfe2 Kf7 31. g3 Re6 32. Kf2 h6 33. h3 Kf6 34. g4 Qe7 35. Rxe6+ Qxe6 36. Rxe6+ Rxe6 37. Qd2 1-0

[Event "Hessen-ch Seniors op 01st"]
[Site "Bad Sooden-Allendorf"]
[Date "2005.04.23"]
[Round "2"]
[White "Blask, Gerhard"]
[Black "Runde, Heinz"]
[Result "1-0"]
[WhiteElo "1643"]
[BlackElo "1529"]
[PlyCount "79"]
[EventDate "2005.04.22"]
[EventType "swiss"]
[EventRounds "9"]
[EventCountry "GER"]
[SourceTitle "EXT 2007"]
[Source "ChessBase"]
[SourceDate "2006.11.23"]
[SourceVersion "1"]
[SourceVersionDate "2006.11.23"]
[SourceQuality "1"]

1. e4 c6 2. d3 e5 3. Nd2 Nf6 4. Ngf3 d6 5. g3 Be7 6. Bg2 Be6 7. 0-0 Qc7 8. Re1 Nbd7 9. h3 h6 10. Nf1 Nb6 11. Ne3 Qd7 12. Kh2 g5 13. g4 0-0-0 14. a4 h5 15. Nxg5 hxg4 16. Nxe6 Qxe6 17. Nf5 Rdg8 18. Re3 Bf8 19. Rg3 Kc7 20. Kg1 Nbd7 21. hxg4 d5 22. c3 Nc5 23. b4 Ncd7 24. Be3 Kb8 25. Rb1 c5 26. bxc5 Bxc5 27. Qb3 Qa6 28. d4 exd4 29. cxd4 Bb6 30. Ne7 Rxg4 31. Rxg4 Nxg4 32. Nxd5 Nxe3 33. fxe3 Rg8 34. Kf2 Bd8 35. Rh1 Qg6 36. Nf4 Qg3+ 37. Ke2 Bh4 38. Kd3 Qf2 39. Rf1 Qg3 40. e5 1-0

[Event "Hessen-ch Seniors op 01st"]
[Site "Bad Sooden-Allendorf"]
[Date "2005.04.22"]
[Round "1"]
[White "Runde, Heinz"]
[Black "Schmidt, Lothar"]
[Result "0-1"]
[WhiteElo "1529"]
[BlackElo "1956"]
[PlyCount "94"]
[EventDate "2005.04.22"]
[EventType "swiss"]
[EventRounds "9"]
[EventCountry "GER"]
[SourceTitle "EXT 2007"]
[Source "ChessBase"]
[SourceDate "2006.11.23"]
[SourceVersion "1"]
[SourceVersionDate "2006.11.23"]
[SourceQuality "1"]

1. d4 f5 2. Nf3 Nf6 3. Bg5 d6 4. Bxf6 exf6 5. e3 d5 6. Nbd2 c6 7. Nb3 Be6 8. Bd3 Nd7 9. Qe2 Kf7 10. h4 h5 11. g3 Bd6 12. a3 Re8 13. c4 f4 14. Qc2 Nf8 15. gxf4 Bxf4 16. Nfd2 Bg4 17. cxd5 cxd5 18. Rc1 Re7 19. Kf1 Bd6 20. Be2 Bxe2+ 21. Kxe2 Qd7 22. Nf3 Rae8 23. Nc5 Qb5+ 24. Nd3 Ne6 25. Kd2 Rc7 26. Qb1 Rec8 27. Rxc7+ Rxc7 28. Rg1 Nf8 29. Rc1 Qa5+ 30. Ke2 Qb6 31. Rxc7+ Qxc7 32. Kd2 Ne6 33. Qc2 Qxc2+ 34. Kxc2 g5 35. hxg5 Nxg5 36. Nde1 Ne4 37. Nd3 Kg6 38. Kd1 Kf5 39. Ke2 Kg4 40. Ng1 Ng5 41. Ne1 h4 42. Kf1 h3 43. f3+ Kh4 44. Ne2 Bg3 45. Nxg3 Kxg3 46. Kg1 Nxf3+ 47. Nxf3 Kxf3 0-1

[Event "Bad Sooden-Allendorf Seniors op 16th"]
[Site "Bad Sooden-Allendorf"]
[Date "2004.04.29"]
[Round "8"]
[White "Strozewski, Guenter"]
[Black "Runde, Heinz"]
[Result "1-0"]
[WhiteElo "1720"]
[BlackElo "1529"]
[PlyCount "121"]
[EventDate "2004.04.22"]
[EventType "swiss"]
[EventRounds "9"]
[EventCountry "GER"]
[SourceTitle "EXT 2006"]
[Source "ChessBase"]
[SourceDate "2005.11.24"]
[SourceVersion "1"]
[SourceVersionDate "2005.11.24"]
[SourceQuality "1"]

1. e4 c6 2. Nf3 d5 3. exd5 cxd5 4. d4 Nf6 5. Nc3 e6 6. Bd3 Be7 7. 0-0 0-0 8. Bf4 a6 9. Ng5 g6 10. Nf3 Nc6 11. a3 b5 12. h3 Bd7 13. b4 Nh5 14. Bh2 Ng7 15. Re1 Rc8 16. Ne2 f5 17. Bf4 Bf6 18. Qd2 Re8 19. Be3 e5 20. dxe5 Nxe5 21. Nxe5 Bxe5 22. Bd4 Qf6 23. c3 Bxd4 24. Nxd4 Rxe1+ 25. Rxe1 Re8 26. Be2 Ne6 27. Nxe6 Qxe6 28. h4 Bc6 29. h5 Qe4 30. Qg5 Qe7 31. Qg3 Qe6 32. hxg6 hxg6 33. Qg5 Kg7 34. Qg3 Qe5 35. f4 Qe3+ 36. Qf2 Re7 37. Kf1 Qxc3 38. Qh4 Qf6 39. Qg3 Re4 40. Rd1 Qd6 41. Qc3+ Qf6 42. Qd2 Re6 43. Bf3 Rd6 44. Qe3 Re6 45. Qa7+ Qe7 46. Qxa6 Be8 47. Qc8 Rc6 48. Qb8 Rc4 49. Qe5+ Qxe5 50. fxe5 Bc6 51. Rd3 g5 52. Bxd5 Bxd5 53. Rxd5 Rc3 54. Rxb5 Rxa3 55. Rb7+ Kf8 56. b5 Re3 57. Rc7 Rxe5 58. b6 Rb5 59. b7 Rb1+ 60. Kf2 Rb2+ 61. Ke3 1-0

[Event "Bad Sooden-Allendorf Seniors op 16th"]
[Site "Bad Sooden-Allendorf"]
[Date "2004.04.27"]
[Round "6"]
[White "Bernhart, Ernst"]
[Black "Runde, Heinz"]
[Result "1/2-1/2"]
[WhiteElo "1652"]
[BlackElo "1529"]
[PlyCount "126"]
[EventDate "2004.04.22"]
[EventType "swiss"]
[EventRounds "9"]
[EventCountry "GER"]
[SourceTitle "EXT 2006"]
[Source "ChessBase"]
[SourceDate "2005.11.24"]
[SourceVersion "1"]
[SourceVersionDate "2005.11.24"]
[SourceQuality "1"]

1. c4 Nf6 2. Nc3 e6 3. d4 d5 4. Nf3 Be7 5. Bf4 Bd6 6. Bg5 Be7 7. e3 c6 8. Ne5 dxc4 9. Bxc4 0-0 10. 0-0 Nd5 11. Bxe7 Qxe7 12. Rc1 Nd7 13. Nd3 Nxc3 14. Rxc3 b5 15. Bb3 Bb7 16. Nc5 Nxc5 17. Rxc5 Rad8 18. Qf3 a5 19. Rfc1 a4 20. Bc2 Rd5 21. Be4 Rxc5 22. Rxc5 Rc8 23. Bxc6 Rxc6 24. Rxc6 Qd7 25. Rb6 Qc7 26. Qd1 Qxb6 27. h3 h6 28. a3 Qc6 29. f3 Qc4 30. Qd2 f6 31. e4 Kf7 32. Kh1 Qc6 33. Qb4 g5 34. Qd2 Kg7 35. Qe3 Qc2 36. d5 exd5 37. exd5 Qd1+ 38. Kh2 Qxd5 39. Qb6 Qc6 40. Qd4 Qd5 41. Qb6 Kg6 42. Kh1 h5 43. Qf2 f5 44. Qe2 Kf6 45. Qe8 h4 46. Qf8+ Ke5 47. Qb8+ Kd4 48. Qc7 Bc6 49. Qg7+ Qe5 50. Qxg5 Qe1+ 51. Kh2 Qg3+ 52. Qxg3 hxg3+ 53. Kxg3 Ke5 54. Kf2 f4 55. Ke2 Be8 56. Kd3 Kd5 57. Kc3 Kc5 58. Kd3 Bg6+ 59. Kc3 Bb1 60. h4 Bg6 61. b4+ axb3 62. Kxb3 Bh5 63. Kc3 Bf7 1/2-1/2

[Event "Bad Sooden-Allendorf Seniors op 16th"]
[Site "Bad Sooden-Allendorf"]
[Date "2004.04.25"]
[Round "4"]
[White "Eidelmann, Vova"]
[Black "Runde, Heinz"]
[Result "1-0"]
[WhiteElo "2036"]
[BlackElo "1529"]
[PlyCount "94"]
[EventDate "2004.04.22"]
[EventType "swiss"]
[EventRounds "9"]
[EventCountry "GER"]
[SourceTitle "EXT 2006"]
[Source "ChessBase"]
[SourceDate "2005.11.24"]
[SourceVersion "1"]
[SourceVersionDate "2005.11.24"]
[SourceQuality "1"]

1. d4 d5 2. c4 e6 3. Nf3 Nf6 4. Bg5 Be7 5. e3 0-0 6. Be2 Re8 7. 0-0 Nbd7 8. Nc3 c6 9. Qc2 dxc4 10. Bxc4 Nd5 11. Bxe7 Qxe7 12. e4 Nxc3 13. bxc3 e5 14. Rfe1 b6 15. Rad1 Bb7 16. a4 Rad8 17. Qa2 Qf6 18. h3 h6 19. Qe2 c5 20. d5 Qd6 21. Nh4 Bc8 22. Nf5 Qf6 23. Bb5 a6 24. Bxa6 Bxa6 25. Qxa6 Kh7 26. Re2 g6 27. Ng3 Qd6 28. Qc4 Nf6 29. Rb2 h5 30. Rdb1 Rb8 31. Qa6 Nd7 32. Nf1 f5 33. f3 fxe4 34. fxe4 Ra8 35. Qc4 Rf8 36. Nh2 Rf6 37. Nf3 Kh6 38. Rf1 Raf8 39. Qd3 g5 40. Qe3 Rxf3 41. Rxf3 Rf4 42. g3 Rxf3 43. Qxf3 c4 44. h4 Qc5+ 45. Qf2 Qxf2+ 46. Kxf2 g4 47. Rb5 Kg7 1-0

[Event "Bad Sooden-Allendorf Seniors op 16th"]
[Site "Bad Sooden-Allendorf"]
[Date "2004.04.22"]
[Round "1"]
[White "Runde, Heinz"]
[Black "Papenkordt, Karl Hermann"]
[Result "1-0"]
[WhiteElo "1529"]
[BlackElo "2018"]
[PlyCount "104"]
[EventDate "2004.04.22"]
[EventType "swiss"]
[EventRounds "9"]
[EventCountry "GER"]
[SourceTitle "EXT 2006"]
[Source "ChessBase"]
[SourceDate "2005.11.24"]
[SourceVersion "1"]
[SourceVersionDate "2005.11.24"]
[SourceQuality "1"]

1. d4 Nf6 2. Nf3 g6 3. e3 Bg7 4. c4 0-0 5. Nc3 d6 6. Be2 Nbd7 7. e4 e5 8. Be3 h6 9. h3 exd4 10. Nxd4 Nc5 11. f3 Nh5 12. Bf2 Nf4 13. Bf1 Re8 14. g3 Nfe6 15. Nxe6 Nxe6 16. Be2 Qg5 17. Qd2 Qa5 18. 0-0 Ng5 19. g4 Nxh3+ 20. Kg2 Nxf2 21. Kxf2 Be6 22. Rfd1 Bxc4 23. Bxc4 Qc5+ 24. Kg2 Qxc4 25. Rac1 Bxc3 26. Rxc3 Qxa2 27. Rxc7 Qa6 28. Kg3 g5 29. Qd5 Re6 30. Rdc1 Rb8 31. Qf5 Rf8 32. Rxf7 Rxf7 33. Qxe6 Kg7 34. Qd5 Qb6 35. Rc2 Qg1+ 36. Rg2 Qh1 37. Qd4+ Rf6 38. Kf2 Qc1 39. e5 Qc2+ 40. Kg3 dxe5 41. Qd7+ Rf7 42. Qxf7+ Kxf7 43. Rxc2 Ke6 44. Rc7 b6 45. Rxa7 Kd5 46. Kf2 e4 47. Ke3 exf3 48. Kxf3 b5 49. Rh7 b4 50. Rxh6 Kc4 51. Ke4 Kb3 52. Rh2 Kc4 1-0